Tipos de presidencialismo y coaliciones políticas en América Latina /

Contenido: - Jorge Lanzaro: Tipos de presidencialismo y modos de gobierno en América Latina.-Marcos Novaro: Presidentes, equilibrios institucionales y coaliciones de gobierno en Argentina (1989-2000).-René Antonio Mayorga: Presidencialismo parlamentarizado y gobiernos de coalición en Bolivia.-Lessa,...

وصف كامل

محفوظ في:
التفاصيل البيبلوغرافية
المؤلف الرئيسي: Lanzaro, Jorge Luis
مؤلف مشترك: CLACSO
مؤلفون آخرون: comp
التنسيق: نص
منشور في: Buenos Aires: CLACSO
الموضوعات:
الوسوم: إضافة وسم
لا توجد وسوم, كن أول من يضع وسما على هذه التسجيلة!

MARC

LEADER 00000 a a2200000 04500
001 26675
003
040
090 |a 149400  
100 |a Lanzaro, Jorge Luis  
110 |a CLACSO  
245 |a Tipos de presidencialismo y coaliciones políticas en América Latina /  |c Jorge Luis Lanzaro  
260 |a Buenos Aires:   |b CLACSO  
300 |a 359 p.  
500 |a Cada artículo tiene su propia bibliografía.Disponible en Cd, en No. 194119 
520 |a Contenido: - Jorge Lanzaro: Tipos de presidencialismo y modos de gobierno en América Latina.-Marcos Novaro: Presidentes, equilibrios institucionales y coaliciones de gobierno en Argentina (1989-2000).-René Antonio Mayorga: Presidencialismo parlamentarizado y gobiernos de coalición en Bolivia.-Lessa, Renato: Aventuras do Barâo de Munchausen: notas sobre a tradiçâo presidencialista brasileira.-Kurt E. von Mettenhein: Presidencialismo, democracia y gobernabilidad en Brasil.-Manuel Antonio Garretón: La cuestión de régimen de gobierno en el Chile de hoy.-Peter M. Siavelis: Chile: las relaciones entre el poder ejecutivo y el poder legislativo después de Pinochet.-Alonso Lujambio: Adios a la excepcionalidad: régimen presidencial y gobierno dividido en México.-Jorge Lanzaro: Uruguay: las alternativas de un presidencialismo pluralista.-Daniel Chasquetti: Democracia, multipartidismo y coaliciones en América Latina: evaluando la difícil combinación  
650 |a SISTEMAS POLITICOS  
650 |a POLITICA  
650 |a COMPORTAMIENTO POLITICO  
650 |a LIDERAZGO POLITICO  
650 |a PLURALISMO POLITICO  
650 |a PARTIDOS POLITICOS  
650 |a ESTABILIDAD POLITICA  
650 |a GOBIERNO  
650 |a DEMOCRACIA  
700 |a comp  
999 |c 8818  |d 8818